| 000 | 00504nam a2200169Ia 4500 | ||
|---|---|---|---|
| 008 | 260520s2023 xx 000 0 und d | ||
| 020 | _a978-81-89959-93-7 | ||
| 041 | _amar | ||
| 082 | _a954.7902/KUL | ||
| 100 | _aकुलकर्णी, अ.रा. | ||
| 245 | _aमराठ्यांचा इतिहास | ||
| 250 | _a1st ed | ||
| 260 |
_aपुणे _bडायमंड पब्लिकेशन्स, _c2023 |
||
| 300 | _a535p. | ||
| 500 | _aCat No: 15028 | ||
| 650 | _aHISTORY | ||
| 999 |
_c1221835 _d1221835 |
||